000 01048nas a2200277 i 4500
001 1471
003 ES-MaACL
005 20250217134221.0
008 950801d18911901sp r p 0 1 |spa d
022 _a2254-3775
080 _a908(460.226)
245 0 0 _aMiscelánea turolense /
_cdir., Domingo Gascón y Guimbao.
260 _aMadrid :
_bMiscelánea Turolense,
_c1891-1901 (
_fImp. de los Hijos de M.G. Hernández)
300 _a1 v. :
_bil. ;
_c32 cm.
362 0 _aAño 1, n. 1 (10 marzo 1891)-año 8, n. 23 (15 en. 1901)
530 _aDisponible en formato digital.
651 4 _aTeruel (Provincia)-
_xDescripción.
_9142107
651 4 _aTeruel (Provincia)-
_xHistoria.
_9191773
700 1 _aGascón y Guimbao, Domingo.
_955865
775 0 8 _iEdición facsímil
_tMiscelánea turolense =
_xISSN 2254-3775
_w174025
852 _aES-MaACL
_jHem-553
856 _uhttp://hemerotecadigital.bne.es/details.vm?o=&w=2254-3775&f=issn&l=500
_zHemeroteca Digital
866 0 _o1891-1901
942 _2udc
999 _c1471
_d1471